Rembrandt.

Bibliographic Details
Main Author: Rosenberg, Jakob, 1893-1980
Format: Book
Language:English
Published: Cambridge : Harvard Univ. Press, 1948.
Subjects:

MARC

Tag First Indicator Second Indicator Subfields
LEADER 00000cam a2200000 4500
001 in00000029464
005 20151007061526.0
008 750701s1948 mauf b 00000 eng u
010 |a  48008285  
035 |a (OCoLC)01423146 
035 |9 AAD2337AM 
040 |c BNG  |d TXA  |d UtOrBLW 
049 |a TXAM  |v 1 [158014]  |v 2 [158015] 
050 0 |a ND653.R4  |b R82 
082 0 |a 759.9492 
092 |a 759.9492  |b R385Yr 
100 1 |a Rosenberg, Jakob,  |d 1893-1980. 
245 1 0 |a Rembrandt. 
264 1 |a Cambridge :  |b Harvard Univ. Press,  |c 1948. 
300 |a 2 volumes :  |b plates. ;  |c 26 cm. 
336 |a text  |b txt  |2 rdacontent 
337 |a unmediated  |b n  |2 rdamedia 
338 |a volume  |b nc  |2 rdacarrier 
504 |a "Selected bibliography" : pages 237-239. 
505 0 |a v.1. Text.--v.2. Plates. 
600 0 0 |a Rembrandt Harmenszoon van Rijn,  |d 1606-1669. 
999 |a MARS 
999 f f |s c1e72a21-226d-35f6-8783-3b0359a11423  |i 925957d7-7693-3984-a354-a8e5a441eefb  |t 0 
952 f f |p normal  |a Texas A&M University  |b College Station  |c Sterling C. Evans Library  |d Evans: Library Stacks  |t 0  |e ND653.R4 R82  |h Library of Congress classification  |i unmediated -- volume  |k v.2  |m A14801159061 
998 f f |a ND653.R4 R82  |s v.2  |t 0  |l Evans: Library Stacks